000 00729nam a22002657a 4500
001 BR8502613
003 BR-BrBNA
005 20230928092201.0
007 ta
008 230509b bl.||||| |||| 00| 0 por d
040 _aBR-BrBNA
_bpor
_cBiblioteca Nacional de Agricultura
041 _a(Por)
072 _aS40
090 _ S40 BR8502613
110 1 _aCompanhia Cearense de Desenvolvimento Agropecuario, Fortaleza, CE (Brasil)
_92330
245 1 _aPrograma basico de alimentos - PROBAL
260 3 _aFortaleza, CE (Brasil):
_c1985.
300 _a11 p.
650 _aNUTRICAO HUMANA
650 _aALIMENTACAO
650 _aPOPULACAO
650 _aBAIXA RENDA
909 _a202309
_bLucia
_c55
_dLucia Elande
942 _cBK
999 _c37567
_d37567